000 00894nam2a22002531 4500
001 v19\rc\1833816
005 20250619141153.0
035 _a(NLR Aleph) 004928873
090 _a5657925
_c5657925
100 _a20071224d1910 |||y0rusy50 ca
101 0 _arus
102 _aRU
105 _ak z |||||
200 0 _a... [1910]
210 _d[1910]
_aБ. м.
215 _a[2], 44 с., 1 л. бланк.
461 0 _1001v19\rc\1833814
_12001#$aКаталог...$fТ-во "Кн. кредит"$v... [1910]
_95657911
_a"Книжный кредит", товарищество (Петербург)
_cСанкт-Петербург
_d[1908]-[1913]
_fТ-во "Кн. кредит"
_p3 т.
_tКаталог...
_v... [1910]
801 0 _aRU
_bNLR
_gpsbo
801 0 _aRU
_bRuMoRGB
_2psbo
801 1 _aRU
_bProSoft-M
_2rusmarc
852 _aNLR
_j20.43.9.109
852 _aNLR
_j671/К-53
942 _cBOOK
980 _aNB